000 00282nam a2200109Ia 4500
008 231120s2021 xx 000 0 und d
041 _aeng
100 _aCHARLES EVANS
245 _aACRYLICS FOR THE ABSOLUTE BEGINNER
260 _aSEARCH PRESS
_bSEARCH PRESS
_c2021
300 _aP-128
999 _c933665
_d933665